The Plant World : The Basre Sciences Education Series (Record no. 588760)

MARC details
000 -LEADER
fixed length control field 00465nam a2200145Ia 4500
008 - FIXED-LENGTH DATA ELEMENTS--GENERAL INFORMATION
fixed length control field 100415s9999 xx 000 0 und d
082 ## - DEWEY DECIMAL CLASSIFICATION NUMBER
Item number 5787
Classification number 580
100 ## - MAIN ENTRY--PERSONAL NAME
Personal name Parker,B.M
245 ## - TITLE STATEMENT
Title The Plant World : The Basre Sciences Education Series
260 ## - PUBLICATION, DISTRIBUTION, ETC. (IMPRINT)
Place of publication, distribution, etc EVANSTON
Date of publication, distribution, etc 1957
Name of publisher, distributor, etc ROW PETERSON AND CO.
365 ## - TRADE PRICE
Price amount 0
630 ## - SUBJECT ADDED ENTRY--UNIFORM TITLE
Uniform title The Plant World : The Basre Sciences Education Series
730 ## - ADDED ENTRY--UNIFORM TITLE
Uniform title The Plant World : The Basre Sciences Education Series
942 ## - ADDED ENTRY ELEMENTS (KOHA)
Koha item type Book
Holdings
Withdrawn status Lost status Damaged status Not for loan Home library Current library Date acquired Cost, normal purchase price Total Checkouts Full call number Barcode Date last seen Price effective from Koha item type
        Bombay Natural History Society Bombay Natural History Society 05/02/1960 0.00   580 5787 BNHS-5787 04/15/2010 04/15/2010 Book